New retail / (Record no. 353224)
[ view plain ]
| 000 -LEADER | |
|---|---|
| fixed length control field | 01171 a2200253 4500 |
| 003 - CONTROL NUMBER IDENTIFIER | |
| control field | OSt |
| 005 - DATE AND TIME OF LATEST TRANSACTION | |
| control field | 20180116192359.0 |
| 008 - FIXED-LENGTH DATA ELEMENTS--GENERAL INFORMATION | |
| fixed length control field | 120618t xxu||||| |||| 00| 0 eng d |
| 010 ## - LIBRARY OF CONGRESS CONTROL NUMBER | |
| LC control number | 2006297058 |
| 020 ## - INTERNATIONAL STANDARD BOOK NUMBER | |
| International Standard Book Number | 0714844993 |
| 020 ## - INTERNATIONAL STANDARD BOOK NUMBER | |
| International Standard Book Number | 9780714848624 |
| 035 ## - SYSTEM CONTROL NUMBER | |
| System control number | (OCoLC)ocm57751034 |
| 040 ## - CATALOGING SOURCE | |
| Transcribing agency | 0 |
| 082 04 - DEWEY DECIMAL CLASSIFICATION NUMBER | |
| Classification number | 725.21 |
| 100 1# - MAIN ENTRY--PERSONAL NAME | |
| Personal name | Barreneche, Raul A. |
| 9 (RLIN) | 4768 |
| 245 10 - TITLE STATEMENT | |
| Title | New retail / |
| Statement of responsibility, etc. | Raul A. Barreneche. |
| 260 ## - PUBLICATION, DISTRIBUTION, ETC. | |
| Place of publication, distribution, etc. | London : |
| Name of publisher, distributor, etc. | Phaidon, |
| Date of publication, distribution, etc. | 2005. |
| 300 ## - PHYSICAL DESCRIPTION | |
| Extent | 199 p. : |
| Other physical details | ill. (chiefly col.) ; |
| Dimensions | 30 cm. |
| 505 0# - FORMATTED CONTENTS NOTE | |
| Formatted contents note | Prada Epicenter -- MPreis Supermarket -- Issey Miyake Tribeca -- Asprey Flagships -- De Brink Center -- Selfridges -- Louis Vuitton -- Forum and Clube Chocolate -- Undercover Lab -- Novy Smichov Shopping Center -- I.a. Eyeworks -- MPreis Supermarket -- Carlos Miele Flagship -- Fünf Höfe (Five Courtyards) -- Vitra -- Migros School & Shopping Center -- Prada Epicenter -- Maison Hermès -- Y's Store -- Mandarina Duck Embassy. |
| 650 10 - SUBJECT ADDED ENTRY--TOPICAL TERM | |
| Topical term or geographic name entry element | Stores, Retail. |
| 9 (RLIN) | 4769 |
| 650 10 - SUBJECT ADDED ENTRY--TOPICAL TERM | |
| Topical term or geographic name entry element | Architecture, Modern |
| Chronological subdivision | 20th century. |
| 9 (RLIN) | 4770 |
| 942 ## - ADDED ENTRY ELEMENTS (KOHA) | |
| Institution code [OBSOLETE] | SADA |
| Koha item type | Book |
| Call number prefix | 725.21 BAR 2005 |
| Source of classification or shelving scheme | |
| Withdrawn status | Lost status | Source of classification or shelving scheme | Damaged status | Not for loan | Permanent Location | Current Location | Date acquired | Total Checkouts | Full call number | Barcode | Date last seen | Date last checked out | Cost, replacement price | Price effective from | Koha item type |
|---|---|---|---|---|---|---|---|---|---|---|---|---|---|---|---|
| School of Art Design and Architecture (SADA) | School of Art Design and Architecture (SADA) | 06/28/2011 | 2 | 725.21 BAR 2005 | SADA0001370 | 01/02/2015 | 12/10/2014 | 2207.00 | 08/05/2011 | Book |
